| Tag |
First Indicator |
Second Indicator |
Subfields |
| LEADER |
00000nam a2200000Ia 4500 |
| 001 |
in00004334549 |
| 005 |
20200812093538.0 |
| 006 |
m g d |
| 007 |
cr bn |||a|bb| |
| 008 |
060530s1673 mau o 000 0 eng d |
| 035 |
|
|
|a (OCoLC)69648576
|
| 040 |
|
|
|a UMI
|c UMI
|e dcrb
|
| 037 |
|
|
|a CL0037000127
|b ProQuest Information and Learning. 300 N. Zeeb Rd., Ann Arbor, MI 48106
|
| 090 |
|
|
|a BV4241.C73
|b 1673
|
| 049 |
|
|
|a UMIA
|
| 100 |
1 |
|
|a Cradock, Walter,
|d 1606?-1659.
|
| 245 |
1 |
0 |
|a Mount Sion, or, The priviledge and practice of the saints opened and applied /
|c by that faithful dispenser of the mysteries of Christ, Walter Cradock.
|
| 246 |
3 |
0 |
|a Priviledge and practice of the saints opened and applied
|
| 260 |
|
|
|a Cambridge :
|b Printed by M. J.,
|c 1673.
|
| 300 |
|
|
|a 1 online resource ([8], 231 pages)
|
| 336 |
|
|
|a text
|b txt
|2 rdacontent
|
| 337 |
|
|
|a computer
|b c
|2 rdamedia
|
| 338 |
|
|
|a online resource
|b cr
|2 rdacarrier
|
| 500 |
|
|
|a Imperfect: pages torn with some loss of printing.
|
| 500 |
|
|
|a Place and date of publication suggested by Wing (2nd edition).
|
| 500 |
|
|
|a Reproduction of original in: Massachusetts Historical Society Library.
|
| 510 |
4 |
|
|a Wing (2nd edition)
|c C6763A
|
| 533 |
|
|
|a Electronic reproduction.
|b Ann Arbor, Mich. :
|c UMI,
|d 1999-
|f (Early English books online)
|n Digital version of: (Early English Books, 1641-1700 ; 2878:23)
|7 s1999 miun s
|
| 630 |
0 |
0 |
|a Bible.
|p N. T.
|p Romans 8, 4-5
|v Sermons.
|
| 650 |
|
0 |
|a Sermons, English
|y 17th century.
|
| 830 |
|
0 |
|a Early English books online.
|
| 856 |
4 |
0 |
|u http://proxy.library.tamu.edu/login?url=https://search.proquest.com/docview/2240860872
|z Connect to the full text of this electronic book
|t 0
|
| 994 |
|
|
|a 02
|b UMI
|
| 999 |
f |
f |
|s 08981acd-f39e-33a9-9f51-985668570718
|i 859f2728-8d04-3c05-a81d-5e43512cb170
|t 0
|
| 952 |
f |
f |
|a Texas A&M University
|b College Station
|c Electronic Resources
|d Available Online
|t 0
|e BV4241.C73 1673
|h Library of Congress classification
|
| 998 |
f |
f |
|a BV4241.C73 1673
|t 0
|l Available Online
|